000 00631nam a2200277Ia 4500
005 20260324141919.0
008 008 260324s9999 xx 000 0 eng d
020 _a9781003556978
037 _aEBOOK
040 _aCRL
040 _beng
040 _cCRL
041 _2eng
041 _aeng
084 _qCRL
100 _aLewis W. Spitz
_91209989
245 0 _aLuther and German Humanism
260 _bTaylor and Francis
260 _c1996
365 _a
365 _b99.99
856 _uhttp://www.taylorfrancis.com/books/9781003556978
942 _cEBOOK
999 _c1813580
_d1813580